000 01620nam a2200289Ia 4500
999 _c47213
_d47213
001 14073
003 GE_BSU
005 20241022111856.0
008 181216s2011||||ge |||||||||||||| ||geo||
020 _a9789941193729
040 _cGE_BSU
041 _ageo
080 _a821.353.1-31+821.353.1-32 დ-90
100 _aდუმბაძე, ნოდარ
_91321
245 _aექვსტომეული : [რომანი ; მოთხრობები] ტომი 4 ნუ გეშინია დედა!..., მოთხრობები /
_cნოდარ დუმბაძე ; რედ. : ზურაბ აბაშიძე, მანანა ჯანელიძე, ირმა ხარშილავა.
264 _aთბილისი :
_bპალიტრა L,
_c2011.
300 _a408 გვ. :
_bილ. ;
_c20 სმ.
490 _aჩემი რჩეული, 2233-3037 / სარედ. ჯგ. : ზურაბ აბაშიძე, მანანა ჯანელიძე, ირმა ხარშილაძე.
_vტ. 29
541 _h8ლ.
653 _aნუ გეშინია დედა!...
653 _aრომანი. მოთხრობები
653 _aექვსტომეული. ტ. 4 პროზა
700 _aაბაშიძე, ზურაბ
_eრედაქტორი
_91322
700 _aჯანელიძე, მანანა
_eრედაქტორი
_91323
700 _a ხარშილაძე, ირმა
_eრედაქტორი
_923466
942 _cBK
_2udc